01435nam a22002651a 450000500170000000800410001702000180005805000210007610000430009724500830014025000180022326000570024130000230029833700100032133800140033133900140034550000890035950400400044850504790048865000230096765000360099094200120102695201140103899900170115220231102151632.0130321s2011 ck ||||fr|||||||| ||spa d a9789586827928 aHF5693bS48 20111 aSerrano Rodriguez, Javiereautor9556810aMatematicas financieras y evaluacion de proyectosc/Javier Serrano Rodríguez a2a. edición3 aBogotab :Alfaomega :Universidad de los Andesc,2011 aXII: 433 páginas atexto asin medio avolúmen aEducación Mixta Administración/ Matemáticas Financieras (M03-03) / (13 002730) aIncluye bibliografía p.p. 429-431 aProyectos de inversión y proyectos de financiamiento, tasa de interés de oportunidad y de equivalencia, interes nominal y efectivo, indicadores para medir la bondad económica de un proyecto de inversión, matemáticas financieras, información financiera, rentabilidad del proyecto, flujo de caja libre para el proyecto y para el inversionismo, financiamiento de vivienda, rentabilidad, costo promedio, tratamiento del riesgo en la evaluación, riesgo operacional.10aMATEMÁTICAS964524aMATEMÁTICAS COMERCIALES94593 cLB2lcc 00102lcc4070a13b13d2012-05-09l3oHF5693 S47 2011p13 002730r2019-02-12s2019-02-11t1w2023-11-02yLB c91731d91731